Postavení zemědělství v národním hospodářství zemí EHS

Salvato in:
Dettagli Bibliografici
Autore principale: Šívrová, Eva
Natura: Libro
Lingua:ceco
Pubblicazione: Praha Ústředí vědeckých, technických a ekonomických informací 1979
Edizione:1979
Tags: Aggiungi Tag
Nessun Tag, puoi essere il primo ad aggiungerne!!

MARC

LEADER 00000nam a2200000 4500
001 c111535
005 20251111113309.2
041 0 |a cze 
044 |a CZ 
245 1 0 |a Postavení zemědělství v národním hospodářství zemí EHS  |c Eva Šívrová 
250 |a 1979 
264 1 |a Praha  |b Ústředí vědeckých, technických a ekonomických informací  |c 1979 
300 |a 68 s. 
100 1 |a Šívrová, Eva